000
00210 a2200097 4500
001
17415
100
_a
Quddus
245
_a
Pakistan the task before nation
260
_a
_b
S.I. Gilani
_c
090
_c
12868
_d
12868
942
_a
NUST-CAE
_c
M
_c
3189
999
_c
252488
_d
252488